<?xml version="1.0" encoding="UTF-8"?><?xml-stylesheet type="text/xsl" href="static/style.xsl"?><OAI-PMH xmlns="http://www.openarchives.org/OAI/2.0/" xmlns:xsi="http://www.w3.org/2001/XMLSchema-instance" xsi:schemaLocation="http://www.openarchives.org/OAI/2.0/ http://www.openarchives.org/OAI/2.0/OAI-PMH.xsd"><responseDate>2026-04-13T01:58:33Z</responseDate><request verb="GetRecord" identifier="oai:www.recercat.cat:2445/220049" metadataPrefix="marc">https://recercat.cat/oai/request</request><GetRecord><record><header><identifier>oai:recercat.cat:2445/220049</identifier><datestamp>2025-12-05T10:01:05Z</datestamp><setSpec>com_2072_1057</setSpec><setSpec>col_2072_478819</setSpec><setSpec>col_2072_478917</setSpec></header><metadata><record xmlns="http://www.loc.gov/MARC21/slim" xmlns:dcterms="http://purl.org/dc/terms/" xmlns:xsi="http://www.w3.org/2001/XMLSchema-instance" xmlns:doc="http://www.lyncode.com/xoai" xsi:schemaLocation="http://www.loc.gov/MARC21/slim http://www.loc.gov/standards/marcxml/schema/MARC21slim.xsd">
   <leader>00925njm 22002777a 4500</leader>
   <datafield ind2=" " ind1=" " tag="042">
      <subfield code="a">dc</subfield>
   </datafield>
   <datafield ind2=" " ind1=" " tag="720">
      <subfield code="a">Polanco Martínez, Fernando</subfield>
      <subfield code="e">author</subfield>
   </datafield>
   <datafield ind2=" " ind1=" " tag="260">
      <subfield code="c">2025-03-26T17:11:18Z</subfield>
   </datafield>
   <datafield ind2=" " ind1=" " tag="260">
      <subfield code="c">2025-03-26T17:11:18Z</subfield>
   </datafield>
   <datafield ind2=" " ind1=" " tag="260">
      <subfield code="c">2013-12-15</subfield>
   </datafield>
   <datafield ind2=" " ind1=" " tag="260">
      <subfield code="c">2025-03-26T17:11:19Z</subfield>
   </datafield>
   <datafield ind2=" " ind1=" " tag="520">
      <subfield code="a">La polifuncionalidad de marcadores funcionalmente complejos como vamos no se reduce a la mera variación contextual a partir de un único significado invariante, sino que revela, más bien, su naturaleza heterosémica, esto es, polisémica y policategorial. Estos elementos complejos presentan más de un significado convencional asociado a determinadas funciones discursivo-interactivas con rasgos gramaticales y semántico-pragmáticos estables diferenciados, así como varios sentidos contextuales con distinto grado de prominencia derivados de la interacción de los significados codificados con determinados contextos. Por ello, para el tratamiento semántico-funcional de esta unidad discursiva, en este trabajo proponemos un modelo polisémico radial (Lakoff, 1987; Hansen, 2005; Evans, 2004, 2006). Creemos que un modelo polisémico de este tipo permite describir y explicar adecuadamente (i) la variabilidad categorial, semántica y funcional de unidades discursivas complejas como vamos; (ii) los vínculos que existen entre los distintos usos de estas unidades; y, en definitiva, (iii) la estructura gramático-funcional subyacente de estos elementos. </subfield>
   </datafield>
   <datafield tag="653" ind2=" " ind1=" ">
      <subfield code="a">Castellà (Llengua)</subfield>
   </datafield>
   <datafield tag="653" ind2=" " ind1=" ">
      <subfield code="a">Polisèmia</subfield>
   </datafield>
   <datafield tag="653" ind2=" " ind1=" ">
      <subfield code="a">Marcadors del discurs</subfield>
   </datafield>
   <datafield tag="653" ind2=" " ind1=" ">
      <subfield code="a">Spanish language</subfield>
   </datafield>
   <datafield tag="653" ind2=" " ind1=" ">
      <subfield code="a">Polysemy</subfield>
   </datafield>
   <datafield tag="653" ind2=" " ind1=" ">
      <subfield code="a">Discourse markers</subfield>
   </datafield>
   <datafield ind2="0" ind1="0" tag="245">
      <subfield code="a">Redes polisémicas y niveles de interpretación. Representación semántica de unidades lingüísticas complejas: el caso de 'vamos'</subfield>
   </datafield>
</record></metadata></record></GetRecord></OAI-PMH>